LEADER 01421nam a2200277 i 4500 001 000000229817 003 CaOOAMICUS 005 20140519000000.0 008 140519s1996 fr u000 u fre u 013 $a208719 020 $a2-204-05517-4 040 $aSeMil$bita 100 1 $aBérulle, Pierre : de,$c.$0(OLS)http://semarc/name/13670 245 10$aDiscours de l'état et des grandeurs de Jésus ; 1. Adresse au roi et au lecteur, Préface, Texte des discours /$cintroduction historique et théologique par Rémi Lescot ; texte établi et annoté par Michel Join-Lambert et Rémi Lescot ; sous la direction de Michel Dupuy. 300 $a511 p. 500 $aFondo Bidoglio. 700 1 $aDupuy, Michel.$0(OLS)http://semarc/name/23621 700 1 $aJoin-Lambert, Michel.$0(OLS)http://semarc/name/79288 700 1 $aLescot, Rémi.$0(OLS)http://semarc/name/79287 773 0 $aBérulle, Pierre : de $tOeuvres complètes.$dParis : Les Éditions du Cerf, 1975.$g7$w()29914 850 $aSeMil 852 $aSeMil$W1$xVenegono$y1$m2C II 619$j180163$B180163$CSeMilBibl$Z2$F191958 $81 941 1 $a2 961 $aLascito: Bidoglio don Maurizio 996 $6020$a2-204-05517-4$9(OLS)http://semarc/number/232404 996 $6245$aDiscours de l'état et des grandeurs de Jésus ; 1. Adresse au roi et au lecteur, Préface, Texte des discours$9(OLS)http://semarc/title/328581 LEADER 00895nam a2200193 i 4500 001 000000180408 003 CaOOAMICUS 005 20090708000000.0 008 090708s1902 it u000 u ita u 013 $a158053 040 $aSeMil$bita 100 1 $aSemeria, Giovanni,$c.$0(OLS)http://semarc/name/4219 245 13$aIl Cardinale Newman :$blezione inaugurale dell'anno scolastico 1901-1902 per la Scuola Superiore di Religione in Genova /$cP. Giovanni Semeria Barnabita. 260 $aRoma :$bPustet,$c1902. 300 $a63 p. ;$c22 cm. 850 $aSeMil 852 $aSeMil$W1$xVenegono$y1$m3C IV 81$j131156$B131156$CSeMilBibl$Z2$F143052 $81 996 $6245$aIl Cardinale Newman :$blezione inaugurale dell'anno scolastico 1901-1902 per la Scuola Superiore di Religione in Genova$9(OLS)http://semarc/title/259038 996 $6260$aRoma :$bPustet$9(OLS)http://semarc/publisher/30363